| 000 | 00842nab a2200253 u 4500 | ||
|---|---|---|---|
| 001 | 17580 | ||
| 003 | HDC | ||
| 007 | cr bn ---aaaaa | ||
| 008 | 210224c20100314xx dr|noo 0 a eng d | ||
| 040 | _aHDC | ||
| 100 |
_aLee, MA. Glaiza _eauthor _916898 |
||
| 245 | 0 |
_aManila Hotel 1st to get 'halal' certificate / by _cMA. Glaiza Lee |
|
| 260 |
_a[No place] : _b[publisher not identified], _c2010 |
||
| 336 |
_atext _2rdacontent |
||
| 337 |
_acomputer _2rdamedia |
||
| 338 |
_aonline resource _2rdacarrier |
||
| 650 |
_aHalal certification _9753 |
||
| 650 |
_ahalal food _950 |
||
| 710 | _aHalal focus | ||
| 856 | _zRequest full-text at [email protected] | ||
| 942 | _2lcc | ||
| 942 | _cNEWS | ||
| 942 | _kNWSO 005958 | ||
| 999 |
_c14896 _d14896 |
||